000 00341 a2200169 4500
001 189297
020 _a85-262-5241-7
040 _cMagnum
100 _aLima, Edy
240 1 0 _aOs miseráveis
_lpor
245 1 0 _aOs miseráveis
300 _a48
362 0 _a2008
440 1 _aScipione
697 _aLITERATURA INFANTO
942 _cBK
999 _c189297
_d189297